| 000 | 00707nam a22001937a 4500 | ||
|---|---|---|---|
| 999 |
_c12382 _d12382 |
||
| 003 | AR-CdUCM | ||
| 008 | 190408b ||||| |||| 00| 0 spa d | ||
| 040 |
_aMUNICIPALIDAD PROVINCIAL DEL CUSCO _cBIBLIOTECA MUNICIPAL DEL CUSCO |
||
| 082 |
_a946 / _bE86 / 1925 |
||
| 245 |
_aEspaña : _bEstudio geográfico ,político ,histórico, científico, literario,artístico y monumental |
||
| 260 |
_aBarcelona : _bCALPE, _c1925. |
||
| 300 |
_a1524 paginas ; _bMapas,Ilustraciones, _c25 cm |
||
| 505 | _aContenido :España física --España económica -- España política / | ||
| 650 |
_aEspaña _9176 |
||
| 650 |
_aPolítica _9291 |
||
| 650 |
_aEconomía _9382 |
||
| 942 |
_2ddc _cLIBROS |
||
| 945 |
_arjall _d2019-04-08 |
||